Ingeniería Financiera

Bibliographic Details
Main Author: Neftci, Salih N
Format: Section = Libro
Language:Undetermined
Spanish
Published: México McGraw-Hill 2008
Subjects:
LEADER 00473nam a2200193Ia 4500
008 240830s9999 xx 000 0 und d
020 |a 978-970-10-6629-4 
040 |a CEDOC FIQ-RUSB / 336 N383 
041 |a spa 
082 |a 336 N383 
100 1 |a Neftci, Salih N  
245 1 0 |a Ingeniería Financiera 
260 |a México  |b McGraw-Hill  |c 2008 
300 |a 556 p. :il 
650 7 |a FINANZAS 
650 7 |b  MERCADO FINANCIERO 
942 |c BK  |2 ddc 
991 |a TEXTO 
999 |c 13333